000 00961nam a22002297a 4500
001 72996
003 BD-RjUL
005 20211209082333.0
008 170527s1951 enk||||| |||| 00| 0 ben d
035 _a(BD-RjUL)73214
040 _aBD-RjUL
_bben
_cBD-RjUL
041 _aben
082 _223
_a891.73
_bRAB 1951
100 1 _aরসিদভ, শরাফ
_9215880
245 1 0 _aবিজয়ী /
_cশরাফ রসিদভ ; অনুবাদ কামাক্ষীপ্রসাদ চট্টোপাধ্যায় ; সম্পাদনা ননী ভৌমিক
260 _aমস্কো
_bবিদেশী ভাষায় সাহিত্য প্রকাশালয়,
_c১৯৫১
300 _a২৭০ পৃ
_c১৭ সেমি.
650 _aরাশিয়ান উপন্যাস
_9215881
650 _aRussian fiction
_9122083
700 _aভৌমিক, ননী
_9215882
942 _2ddc
_cBK
999 _c72996
_d72996